书目信息 |
| 题名: |
第七七二团在太行山一带
|
|
| 作者: | 卞之琳 著 | |
| 分册: | ||
| 出版信息: | 上海 三联书店 1983.10 |
|
| 页数: | 173页 | |
| 开本: | 32开 | |
| 丛书名: | ||
| 单 册: | ||
| 中图分类: | K265.1 | |
| 科图分类: | ||
| 主题词: | 中国--历史 | |
| 电子资源: | ||
| ISBN: | ||
| 000 | 00562nam0 2200205 45 | |
| 001 | 0204170824 | |
| 005 | 20040517163158.7 | |
| 010 | @dCNY0.56 | |
| 091 | @a11002.631 | |
| 100 | @a20020417d1983 km y0chiy0120 ea | |
| 101 | 0 | @achi |
| 105 | @a z 000yy | |
| 200 | 1 | @a第七七二团在太行山一带@ADi Qi Qi Er Tuan Zai Tai Xing Shan Yi Dai@f卞之琳著@FBian Zhi Lin Zhu |
| 210 | @a上海@c三联书店@d1983.10 | |
| 215 | @a173页@d32开 | |
| 606 | 0 | @a中国@x历史 |
| 690 | @aK265.1@v3 | |
| 701 | 0 | @a卞之琳@4著 |
| 801 | @aCN@bTSTC@c20020417 | |
| 905 | @dK265.1@e13@f1@b110197 | |
| 第七七二团在太行山一带/卞之琳著.-上海:三联书店,1983.10 |
| 173页;32开 |
| ISBN :CNY0.56 |
| ● |
| 相关链接 |
|
|
|
|
正题名:第七七二团在太行山一带
索取号:K265.1/13
 
预约/预借
| 序号 | 登录号 | 条形码 | 馆藏地/架位号 | 状态 | 备注 |
| 1 | 0110196 | 001791305 | 密集书库/ [索取号:K265.1/13] | 在馆 | |
| 2 | 0110197 | 000355644 | 第二借阅区/ [索取号:K265.1/13] | 在馆 | |
| 3 | 0110198 | 000355653 | 第二样本阅览室/ [索取号:K265.1/13] | 在馆 |